Albanian 2000s Music Quiz: Name the Artist - Statistics

General Stats
  • This quiz has been taken 9 times
  • The average score is 7 of 30
Answer Stats
Song Release Date Artist % Correct
Otr me zemer 2009 Noizy
89%
Eklips 2008 Alban Skënderaj
67%
Vetës 2008 Elvana Gjata
56%
Hou çike 2003 West Side Family
56%
Mu thanë sytë 2009 Aurela Gaçe
44%
Sonatё 2003 Eli Fara
44%
Sonte është nata ime 2009 Stresi
44%
Kam frikë te të dua 2009 Ronela Hajati
33%
Prapë do ti lutem 2004 Anxhela Peristeri
22%
Ika larg 2001 Eneda Tarifa
22%
Buzët me ishin tharë 2004 Eranda Libohova
22%
Shko 2005 Miriam Cani
22%
Taka krak 2004 Pirro Çako
22%
Llokum 2006 Rovena Stefa
22%
Nxënësja më e mirë 2007 Anjeza Shahini
11%
Leshoje hapin 2006 Besa
11%
Fjala e fundit 2008 Elhaida Dani
11%
Kush ka faj 2004 Greta Koçi & Erjon Korini
11%
Prapë tek ti do vij 2004 Irma Libohova
11%
Nuk kam faj që robëroj 2004 Jonida Maliqi
11%
Të ndjejë të huaj 2007 Ledina Çelo
11%
Brenda vetes më merr 2002 Mira Konçi
11%
S'duhet të dua 2009 Olta Boka
11%
Dorezohem 2007 Rovena Dilo
11%
Jepi gaz 2004 Rozana Radi
11%
S'të mbaj dot peng 2008 Samanta Karavella
11%
Lemza 2008 Silva Gunbardhi
11%
Të dua ty 2007 Soni Malaj
11%
Ishe ti 2006 Stine
11%
Më fal 2008 Xhensila Myrtezaj
11%
No matching quizzes found
Score Distribution
Percent of People with Each Score
Percentile by Number Answered
Your Score History
You have not taken this quiz